|
|
|
|
| LEADER |
00000ny a22000003n 4500 |
| 005 |
20110607141531.0 |
| 008 |
040308s2003 sp s 001 0 spa c |
| 017 |
|
|
|a D.L.M.42243-2003
|
| 020 |
|
|
|a 8484940829
|
| 035 |
|
|
|a 614
|
| 040 |
|
|
|a SpMaUCCE
|d vLex
|
| 040 |
|
|
|a UMA.RE
|d vLex
|
| 080 |
|
|
|a 336.22
|
| 080 |
|
|
|a 351.713
|
| 090 |
|
|
|c 547
|d 547
|
| 100 |
1 |
|
|a Martn̕ez-Carrasco Pignatelli, Jos ̌Miguel
|
| 245 |
1 |
3 |
|a El asesor fiscal como sujeto infractor y responsable
|h [Recurso electrn̤ico]
|c Jos ̌Miguel Martn̕ez-Carrasco Pignatelli
|
| 256 |
|
|
|a Servicio en ln̕ea
|
| 260 |
|
|
|a Alcobendas(Madrid) :
|b Editoriales de Derecho Reunidas
|
| 300 |
|
|
|a 218 p. ;
|c 20 cm
|
| 490 |
1 |
|
|a Cuadernos fiscales ;
|v 11
|
| 506 |
1 |
|
|a Contenido solo disponible en los productos indicados
|d vLex Global
|d vLex Global (Academic Edition, excluding Law Schools)
|d vLex Global (U.S. Academic Edition, Law Schools)
|d vLex Global (U.S. Academic Edition, excluding Law Schools)
|d vLex Global (Academic Edition, Law Schools)
|
| 650 |
0 |
7 |
|a Tributario
|2 Tesauro vLex
|
| 650 |
0 |
7 |
|a Asesores fiscales
|2 Tesauro vLex
|
| 650 |
0 |
7 |
|a Derecho tributario
|2 Tesauro vLex
|
| 740 |
0 |
|
|a vLex Libros (Servicios en ln̕ea)
|
| 830 |
|
0 |
|a Cuadernos fiscales (Editorial de Derecho Reunidas)
|
| 856 |
4 |
0 |
|u http://vlex.com/source/614
|z Acceso restringido
|
| 942 |
|
|
|c BOOK
|
| 999 |
0 |
|
|a Taxation
|b Spain
|